00991cam a22002778i 4500001001000000003000400010005001700014008004100031020004100072040003700113050001200150100002800162245013400190250001900324260003500343300004600378336002600424337002800450338002700478504005100505650003400556650005200590650001900642700002500661700002700686020950581OSt20260204111838.0230117s2023 cauab b 001|0|eng|d a9781529774580 (Paperback)cUSD 32.00 aStDuBDSbengcStDuBDSerdadNUST aD31 HAY1 aHaynes, JeffreyeAuthor10aWorld politics :binternational relations and globalisation in the 21st century /cJeffrey Haynes, Peter Hough and Bruce Pilbeam. aThird edition. aLos Angeles :bSAGE, c©2023. axvi, 512 pages :bIllustrations ;c25 cm. atext2rdacontentbtxt aunmediated2rdamediabn avolume2rdacarrierbnc aIncludes bibliographical references and index. 0aWorld politicsy21st century. 0aInternational relationsxHistoryy21st century. 0aGlobalization.1 aHough, PetereAuthor1 aPilbeam, BruceeAuthor